000 01076naa a22003017a 4500
001 BR8005848
003 BR-BrBNA
005 20240918174653.0
007 ta
008 230509b bl.||||| |||| 00| 0 por d
040 _aBR-BrBNA
_bpor
_cBiblioteca Nacional de Agricultura
041 _a(Pt)
072 _aP10; U10
_b/G514
090 _aP10 BR8005848
100 1 _aAlvarez, C.
100 1 _aCruz, W.B. da
100 1 _aPeixoto, C.A. de M.
111 1 _a1. Congresso Brasileiro de Aguas Subterraneas
_cRecife, PE (Brazil)
_d9-14 Nov 1980
245 1 _aModelo matematico do aquifero Beberibe [Pernambuco, Brasil]
260 3 _aRecife, PE (Brasil):
_c1980.
500 _aAnais do 1. Congresso Brasileiro de Aguas Subterraneas Recife, PE (Brasil): 1980. p. 169-179 (BR8005848-AM)P10
650 _aHIDROGEOLOGIA
650 _aRECURSO HIDRICO
650 _aMODELO MATEMATICO
773 0 _tAnais do 1. Congresso Brasileiro de Aguas Subterraneas
_wP10 BR8005848
_gRecife, PE (Brasil), 1980. p. 169-179
909 _a202404
_bLucia
_c55
_dLucia Elande
942 _cAM
_2AGRIS
999 _c312745
_d312745